Cuộc đời nghệ sĩ
Khái quát về cuộc đời, bút pháp nghệ thuật cũng như một số điểm nổi bật trong sự nghiệp sáng tác của các nghệ sĩ như nhà thơ Nông Quốc Chấn, nhà văn Hoàng Quốc Hải, dịch giả Bích Lan hay nhạc sĩ, hoạ sĩ Nguyễn Đình Phúc...
Saved in:
| Main Author: | |
|---|---|
| Corporate Authors: | , |
| Other Authors: | |
| Language: | Undetermined |
| Published: |
Hà Nội
Hội nhà văn
2018
|
| Subjects: | |
| Tags: |
Add Tag
No Tags, Be the first to tag this record!
|
| Institutions: | Trung tâm Học liệu Trường Đại học Trà Vinh |
|---|
| LEADER | 01106nam a2200265Ia 4500 | ||
|---|---|---|---|
| 001 | TVU_30516 | ||
| 008 | 210423s9999 xx 000 0 und d | ||
| 020 | |a 9786049721809 | ||
| 041 | |a Vie | ||
| 082 | |a 895.922090034 | ||
| 082 | |b Th116 | ||
| 100 | |a Huy Thắng | ||
| 245 | 0 | |a Cuộc đời nghệ sĩ | |
| 245 | 0 | |c Huy Thắng, Trung Trung Đỉnh | |
| 260 | |a Hà Nội | ||
| 260 | |b Hội nhà văn | ||
| 260 | |c 2018 | ||
| 300 | |a 395 tr. | ||
| 300 | |c 21 cm | ||
| 520 | |a Khái quát về cuộc đời, bút pháp nghệ thuật cũng như một số điểm nổi bật trong sự nghiệp sáng tác của các nghệ sĩ như nhà thơ Nông Quốc Chấn, nhà văn Hoàng Quốc Hải, dịch giả Bích Lan hay nhạc sĩ, hoạ sĩ Nguyễn Đình Phúc... | ||
| 650 | |a Nghệ sĩ; Văn học dân tộc thiểu số | ||
| 700 | |a Huy Thắng; Trung Trung Đỉnh | ||
| 710 | |a Liên hiệp các Hội văn học nghệ thuật Việt Nam | ||
| 710 | |b Hội văn học Nghệ thuật các dân tộc thiểu số Việt Nam | ||
| 980 | |a Trung tâm Học liệu Trường Đại học Trà Vinh | ||


